000 00676nam a2200241Ia 4500
003 OSt
005 20220926013423.0
006 a|||||r|||| 00| 0
007 ta
008 220923b |||||||| |||| 00| 0 eng d
037 _cGeneral Book
040 _aRTL
_cRTL
_beng
041 _2eng
_aeng
082 _aY48, J1
100 _aHaiman Franklyn S
_9118191
245 0 _aGroup leadership and democratic action
260 _aNew York
_bHoughton Mifflin
_c1951
300 _avii, 309p
_ccm.
500 _aBibliography: P 293-302; Appendix: P 235-302
650 _aElites
942 _hY48, J1
_cGB
_2CC
999 _c625900
_d625900